লোডিং...

Kuyil

গ্রন্থ-পঞ্জীর বিবরন
প্রধান লেখক: Kumaranasan, N
অন্যান্য লেখক: Pazhampalli Acyutan
বিন্যাস: Printed Book
ভাষা:English
প্রকাশিত: Thonnakkal Sarada 1970
বিষয়গুলি:
LEADER 00612nam a2200253 a 4500
001 adlib96000001
003 ViArRB
005 20151026131308.0
008 960221s1955 dcuabcdjdbkoqu001 0deng d
020
022
040 |a Adlib 
082 |a 89 M-1 
245 |a  Kuyil 
250
260 |a Thonnakkal  |b Sarada  |c 1970 
300 |a 27 p. 
500 |a   
100 |a Kumaranasan, N 
700 |a Pazhampalli Acyutan 
942 |c BK  |6 _ 
653 |a Kuyil 
999 |c 24579  |d 24579 
952 |0 0  |1 0  |4 0  |6 89_M1KUMKSAR  |7 0  |9 36175  |a UL  |b UL  |d 2010-06-16  |o 89 M-1 KUM/K SAR  |p H0000590  |r 2010-06-16  |w 2010-06-16  |y BK